Science Politique, les régimes politiques : Ouvrages - Statistiques

Statistiques générales
  • Ce quiz a été pris 12 fois
  • Le résultat moyen est 5 sur 26
Statistiques - réponses
Auteur(s) Ouvrages % Correct
Raymond Aron Démocratie et totalitarisme
67%
Ian Kershaw Hitler, essai sur le charisme en politique
67%
Montesquieu De l’esprit des lois (1748)
33%
Céline Braconnier et Jean-Yves Dormagen La démocratie de l’abstention
33%
Jacques Rancière La mésentente
33%
Philippe Breton La parole manipulée
33%
Romain Badouard Le désenchantement de l’internet
33%
Stéphane Courtois Le livre noir du communisme
33%
Hannah Arendt Les origines du totalitarisme
33%
Eugen Kogon L'État SS
33%
Art Spiegelman Maus
33%
Bernard Manin Principes du gouvernement représentatif (1995)
33%
Pierre Bourdieu Sur la télévision
33%
Jacques Gerstlé La communication politique
0%
Claude Lefort La complication, retour sur le communisme
0%
Daniel Gaxie La démocratie représentative
0%
Jean-Marie Domenach La propagande politique (1959)
0%
Emilio Gentile La religion fasciste, La sacralisation politique dans l’Italie fasciste
0%
Daniel Gaxie Le sens caché
0%
Jürgen Habermas L'espace public
0%
Serge Tchakhotine Le viol des masses par la propagande politique (1939)
0%
Raoul Girardet Mythes et mythologies politiques
0%
Edward Bernays Propaganda (1928)
0%
Juan Linz Régimes totalitaires et autoritaires
0%
Karl Friedrich et Zbigniew Brzezinski Totalitarian Dictatorship and Autocracy
0%
Michel Offerlé Un homme, une voix, Histoire du suffrage universel
0%
Aucun quiz correspondant
Distribution des résultats
% des personnes avec chaque résultat
Percentile par nombre de réponses
Votre historique - résultats
Vous n’avez pas pris ce quiz